000 01126cam a2200325Li 4500
001 75675
005 20230410143108.0
008 080529s2007 fr 000 0 fre d
035 _a(OCoLC)ocn471012328
040 _aBDF
_bfre
_cBDF
016 7 _aFRBNF412677770000009
_2FrPBN
020 _a9789287163905 (br)
020 _a9287163901 (br)
029 1 _aZWZ
_b120912139
035 _a(OCoLC)471012328
050 1 4 _abA838 2007
082 1 _a384.558 0944
_222
049 _aGRAL
110 2 _aObservatoire européen de l'audiovisuel.
_4aut
245 1 4 _aLes aspects juridiques de la vidéo á la demande /
_cObservatoire européen de l'audiovisuel.
260 _aStrasbourg :
_bObservatoire européen de l'audiovisuel,
_c2007.
300 _a97 p. ;
_c30 cm.
500 _aNÀ spâecial de : "Iris", ISSN 1023-8557.
650 7 _aVidâeo áa la demande
_xDroit.
_2ram
856 4 2 _3Notice et cote du catalogue de la Bibliotháeque nationale de France
_uhttp://catalogue.bnf.fr/ark:/12148/cb41267777d
886 1 _2intermrc
_a009
_baa-d---------------
942 _2lcc
_cbk
946 _accruz
994 _aC0
_bDRFGD
999 _c95628
_d95628